000 00656nam a2200193 4500
001 112010
003 ES-MaACL
005 20240424063051.0
007 t|
008 061121s1947 sp r ||||1| spa d
100 0 _aOrozco Díaz, Emilio,
_d1909-1987
_987342
245 1 0 _aTemas del Barroco
_b: de poesía y pintura /
_cEmilio Orozco Díaz.
260 _aGranada :
_bUniversidad,
_c1947.
300 _aLXI, 190 p., 8 lám. ;
_c25 cm.
500 _aEs anejo del Boletín de la Universidad de Granada. Estudios y Ensayos III.
710 2 _aUniversidad de Granada.
_97176
852 _aES-MaACL
_jD-6847
_bR.29499
999 _c112010
_d112010